000 00927nam a22003017a 4500
001 BR2018001658
003 BR-BrBNA
005 20230928105326.0
007 ta
008 230509b bl.||||| |||| 00| 0 por d
040 _aBR-BrBNA
_bpor
_cBiblioteca Nacional de Agricultura
041 _a(Por)
072 _aP34
_b3000
090 _ 3000 BR2018001658
100 1 _aTadeu, H.C.
110 1 _aUniversidade Federal de Lavras, MG (Brasil)
_0Tese (Mestrado)
245 1 _aFungos micorrízicos arbusculares e doses de fósforo na produção de Parkia nitida (Miquel)em viveiros no sul do Amazonas
260 3 _aLavras, MG (Brasil):
_c2017.
300 _a39 p.
500 _aSummaries (Eng, Por); 44 ref.; 9 illus.
650 _aÁRVORE FLORESTAL
650 _aMUDA
650 _aMICORRIZA VESICULAR ARBUSCULAR
650 _aFÓSFORO
650 _aAMAZONAS
909 _a202309
_bLucia
_c55
_dLucia Elande
942 _cBK
999 _c84665
_d84665